[Event "GER-ch U25-B"]
[Site "Willingen"]
[Date "2023.05.30"]
[Round "4"]
[White "Lossin, Charlotte"]
[Black "Stuelcken, Philipp"]
[Result "0-1"]
[WhiteElo "1518"]
[BlackElo "1617"]
[PlyCount "62"]
[EventDate "2023.05.27"]
[EventType "swiss"]
[EventRounds "9"]
[EventCountry "GER"]
[SourceTitle "CBM 214 Extra"]
[Source "ChessBase"]
[SourceDate "2023.07.31"]
[SourceVersion "1"]
[SourceVersionDate "2023.07.31"]
[SourceQuality "1"]

1. d4 Nf6 2. Nf3 e6 3. e3 d5 4. Bd3 c5 5. c3 Nbd7 6. 0-0 Bd6 7. Nbd2 0-0 8. Re1 b6 9. e4 dxe4 10. Nxe4 Nxe4 11. Bxe4 Rb8 12. Qc2 h6 13. Be3 Qc7 14. Qd2 f5 15. dxc5 bxc5 16. Bc2 Nf6 17. b3 f4 18. Rad1 Rb6 19. Qd3 fxe3 20. Rxe3 Bf4 21. Ree1 Rd6 22. Qg6 Rfd8 23. g3 Rxd1 24. Bxd1 Bd2 25. Re2 Bxc3 26. Bc2 Qc6 27. Re4 Nxe4 28. Bxe4 Qd7 29. Qh7+ Kf8 30. Bg6 Qd1+ 31. Kg2 Bb7 0-1

[Event "GER-ch U25-B"]
[Site "Willingen"]
[Date "2023.05.29"]
[Round "3"]
[White "Stuelcken, Philipp"]
[Black "Andrade, Ruben"]
[Result "0-1"]
[WhiteElo "1617"]
[BlackElo "1753"]
[PlyCount "50"]
[EventDate "2023.05.27"]
[EventType "swiss"]
[EventRounds "9"]
[EventCountry "GER"]
[SourceTitle "CBM 214 Extra"]
[Source "ChessBase"]
[SourceDate "2023.07.31"]
[SourceVersion "1"]
[SourceVersionDate "2023.07.31"]
[SourceQuality "1"]

1. e4 e5 2. Nf3 Nc6 3. d4 exd4 4. Bc4 Bc5 5. c3 Nf6 6. e5 d5 7. Bb5 Ne4 8. cxd4 Bb6 9. Nc3 0-0 10. 0-0 Bg4 11. Be3 f6 12. Nxe4 dxe4 13. Qb3+ Kh8 14. Bxc6 bxc6 15. Nd2 Bxd4 16. exf6 Bxf6 17. Nxe4 Rb8 18. Qc4 Bxb2 19. Rab1 Qd5 20. Qc5 Rfe8 21. Ng3 Qxc5 22. Bxc5 Bf6 23. Bxa7 Ra8 24. Rb7 Be5 25. Rfb1 Bc8 0-1

[Event "GER-ch U25-B"]
[Site "Willingen"]
[Date "2023.05.28"]
[Round "1"]
[White "Stuelcken, Philipp"]
[Black "Direk, Oguzhan"]
[Result "1-0"]
[WhiteElo "1617"]
[BlackElo "1553"]
[PlyCount "105"]
[EventDate "2023.05.27"]
[EventType "swiss"]
[EventRounds "9"]
[EventCountry "GER"]
[SourceTitle "CBM 214 Extra"]
[Source "ChessBase"]
[SourceDate "2023.07.31"]
[SourceVersion "1"]
[SourceVersionDate "2023.07.31"]
[SourceQuality "1"]

1. c4 e5 2. Nc3 Nc6 3. Nf3 d6 4. e4 g6 5. d3 Bg7 6. Be2 Nf6 7. 0-0 0-0 8. h3 Re8 9. Be3 Bd7 10. Qd2 Nd4 11. Nxd4 exd4 12. Bxd4 c5 13. Be3 Qc7 14. Bg5 Bc6 15. Bd1 a6 16. Rb1 Nd7 17. a3 b5 18. Nd5 Bxd5 19. cxd5 Ne5 20. f4 Nd7 21. Bf3 Rac8 22. Rbc1 a5 23. Rc2 b4 24. axb4 axb4 25. Ra1 Qb6 26. Kh2 Ra8 27. Rcc1 b3 28. Bh4 Ra2 29. Rab1 Rea8 30. Bf2 Qa5 31. Qxa5 R8xa5 32. Bd1 Rb5 33. d4 cxd4 34. Rc8+ Nf8 35. Be2 Rb7 36. Bd3 Bh6 37. Kg3 Bg7 38. Rc4 Nd7 39. Rc8+ Nf8 40. Rc6 g5 41. Rxd6 gxf4+ 42. Kxf4 Ng6+ 43. Kf5 Re7 44. Rd8+ Nf8 45. Bg3 Ra5 46. Rc1 Rb7 47. Bd6 Ra2 48. Rb1 Ra5 49. Be5 Ra2 50. Bd6 Ra5 51. Rc1 Ra4 52. Rcc8 Rd7 53. Rxd7 1-0

[Event "GER-ch Youth-B"]
[Site "Willingen"]
[Date "2022.06.09"]
[Round "7"]
[White "Stuelcken, Philipp"]
[Black "Ruddat, Jarne"]
[Result "1/2-1/2"]
[WhiteElo "1513"]
[BlackElo "1415"]
[PlyCount "82"]
[EventDate "2022.06.04"]
[EventType "swiss"]
[EventRounds "9"]
[EventCountry "GER"]
[SourceTitle "CBM 208 Extra"]
[Source "ChessBase"]
[SourceDate "2022.07.31"]
[SourceVersion "1"]
[SourceVersionDate "2022.07.31"]
[SourceQuality "1"]

1. Nf3 Nf6 2. c4 g6 3. Nc3 Bg7 4. d4 d5 5. cxd5 Nxd5 6. e4 Nxc3 7. bxc3 0-0 8. Bc4 c5 9. Rb1 Nc6 10. Be3 a6 11. 0-0 Bg4 12. Be2 Bxf3 13. Bxf3 Qc7 14. Qc2 cxd4 15. cxd4 Rac8 16. Qa4 Rfd8 17. d5 Ne5 18. Rfc1 Nxf3+ 19. gxf3 Qb8 20. Rxc8 Qxc8 21. Qb4 Rd7 22. Rc1 Rc7 23. Rxc7 Qxc7 24. f4 Bc3 25. Qa4 Qc8 26. Qa3 Bf6 27. e5 Bh4 28. d6 Qg4+ 29. Kf1 Qd1+ 30. Kg2 exd6 31. Qxd6 Qxd6 32. exd6 Kf8 33. Kf3 Ke8 34. Ke4 Kd7 35. Kd5 Bd8 36. a4 f5 37. f3 Ba5 38. h3 Bb4 39. Bc5 Bd2 40. Ke5 Bc3+ 41. Kd5 Bb4 1/2-1/2

[Event "GER-ch U25-B"]
[Site "Willingen"]
[Date "2018.05.21"]
[Round "3"]
[White "Schneider, Edward"]
[Black "Stuelcken, Philipp"]
[Result "1-0"]
[WhiteElo "1719"]
[BlackElo "1481"]
[PlyCount "107"]
[EventDate "2018.05.19"]
[EventType "swiss"]
[EventRounds "9"]
[EventCountry "GER"]
[SourceTitle "CBM 184 Extra"]
[Source "ChessBase"]
[SourceDate "2018.06.28"]
[SourceVersion "1"]
[SourceVersionDate "2018.06.28"]
[SourceQuality "1"]

1. e4 e5 2. Nf3 Nc6 3. Bc4 Nf6 4. d4 exd4 5. e5 d5 6. Bb5 Ne4 7. Nxd4 Bd7 8. Bxc6 bxc6 9. 0-0 Be7 10. f3 Ng5 11. f4 Ne4 12. c3 Rb8 13. Qc2 0-0 14. Be3 Rb7 15. Nd2 Nxd2 16. Qxd2 Qb8 17. b3 c5 18. Ne2 c6 19. Ng3 a5 20. Rae1 f6 21. exf6 Rxf6 22. f5 Bd6 23. Bf4 Bxf4 24. Rxf4 Qd6 25. Rd1 Rf7 26. Qf2 Rb8 27. Ne4 Qe5 28. Nxc5 Qxc3 29. Nxd7 Rxd7 30. f6 Rf8 31. fxg7 Rxf4 32. Qxf4 Rxg7 33. Qb8+ Kf7 34. Rf1+ Kg6 35. Qd6+ Kh5 36. Rf5+ Rg5 37. g4+ Kxg4 38. Qf4+ Kh3+ 39. Qxg5 Qd4+ 40. Kf1 Qd1+ 41. Kf2 Qc2+ 42. Ke1 Qb1+ 43. Ke2 Qc2+ 44. Kf3 Qe4+ 45. Kf2 Qc2+ 46. Kf1 Qd3+ 47. Ke1 Qb1+ 48. Kd2 Qxa2+ 49. Kc3 Qa1+ 50. Kd3 Qb1+ 51. Kd4 Qe4+ 52. Kc3 Qb4+ 53. Kb2 Qd4+ 54. Ka2 1-0

[Event "GER-ch U25-B"]
[Site "Willingen"]
[Date "2018.05.20"]
[Round "1"]
[White "Lilienthal, Niels Bennett"]
[Black "Stuelcken, Philipp"]
[Result "0-1"]
[WhiteElo "1694"]
[BlackElo "1481"]
[PlyCount "56"]
[EventDate "2018.05.19"]
[EventType "swiss"]
[EventRounds "9"]
[EventCountry "GER"]
[SourceTitle "CBM 184 Extra"]
[Source "ChessBase"]
[SourceDate "2018.06.28"]
[SourceVersion "1"]
[SourceVersionDate "2018.06.28"]
[SourceQuality "1"]

1. d4 Nf6 2. Nd2 e6 3. Ngf3 d5 4. e3 Nbd7 5. Bd3 Bd6 6. 0-0 0-0 7. c3 c5 8. e4 cxd4 9. Nxd4 dxe4 10. Nxe4 Nxe4 11. Bxe4 Bxh2+ 12. Kxh2 Qh4+ 13. Kg1 Qxe4 14. Re1 Qd5 15. Qe2 a6 16. Be3 Nf6 17. Nf3 Bd7 18. Bd4 Bc6 19. Qc2 Ng4 20. Rad1 Qh5 21. Kf1 Qh1+ 22. Ke2 Qxg2 23. Qd3 Bxf3+ 24. Qxf3 Qxf3+ 25. Kxf3 Nh6 26. Rg1 Nf5 27. Be5 Rfd8 28. Ke4 Rac8 0-1